000 00495nam a22001697a 4500
005 20260204102833.0
008 260203b |||||||| |||| 00| 0 eng d
020 _a978-81-203-2649-1
050 _aQP 519.9 .S 58 2025
100 _aSIVASANKAR, B.
245 _aBIOSEPARATIONS : PRINCIPLES AND TECHNIQUES.
260 _aDELHI,
_bPHI LEARNING PRIVATE LIMITED,
_c2025
300 _aViii, 271 P, ILL
500 _aINCLUDES BIBLIOGRAPHY AND INDEX
650 _aBIOMOLECULES
942 _2lcc
_cBK
999 _c216524
_d216524